000 01048cam a2200205 4500
001 WB3730-30
008 010801n2001 000 0 eng u
035 _a(Sirsi) u113895
245 _aGovernment consults on EU rules on GMOs
260 _c2001
490 _aDEFRA News Release
_v(72/01) 27 July 2001, (2)
520 _aGovernment is to consult the public on new EU rules governing GMOs. The EU directive, supported by the UK, will provide a stricter regime for control and release or marketing of GMOs such as GM crops, seeds or animal fodder. Copies are available from Directive 2001/18/EC Consultation, Biotechnology Safety Unit, DEFRA, Zone 3/E7, 123 Victoria Street, London, SW1E 6DE or by e-mail: [email protected]. Also on website http://www.defra.gov.uk/environment. Closing date for responses: 20 October 2001.
590 _aWB
650 _aGENETICALLY MODIFIED ORGANISMS
650 _aEUROPEAN DIRECTIVES
650 _aGOVERNMENT POLICY
650 _aPUBLIC CONSULTATIONS
690 _aRural
_96268
942 _n0
999 _c67862
_d67862